• 首页
  • 本馆介绍
  • 公告通知
  • 最新文献
  • 馆藏检索
  • 电子资源
  • 读者导购
  • 参考咨询
  • 我的图书馆
  • 登录
  • 详细信息显示
  • 放入我的书架
  • 预约/预借图书
  • 作者相关作品
  • 分类相关作品
  • 丛书相关作品
  • 出版社相关作品

书目信息

  • 表格格式
  • 工作单格式
  • 卡片格式
题名:
Kubernetes权威指南
    
 
作者: 龚正 编著
分册:  
出版信息: 北京   电子工业出版社  2017
页数: 14,677页
开本: 24cm
丛书名:
单 册:
中图分类: TP316.85-62
科图分类:
主题词: Linux操作系统--程序设计--指南
电子资源:
ISBN: 978-7-121-32351-5
000 00959nam0 22002411 450
001 0116225505
005 20180726104252.0
010    @a978-7-121-32351-5@b@dCNY119.00
100    @a20171116d2017 em y0chiy50 ea
101 0  @achi
102    @aCN@b110000
105    @aa z 000yy
106    @ar
200 1  @aKubernetes权威指南@AKubernetes quan wei zhi nan@e从Docker到Kubernetes实践全接触@e纪念版@f龚正等编著@g
210    @a北京@c电子工业出版社@d2017
215    @a14,677页@c图@d24cm
330    @a本书从架构师、开发人员和运维人员的角度,阐述了Kubernetes的基本概念、实践指南、核心原理、开发指导、运维指南及源码分析等内容,围绕生产环境中可能出现的问题,给出了大量的典型案例,比如安全配置、网络方案、共享存储方案、高可用性方案及Trouble Shooting技巧等。
606 0  @aLinux操作系统@x程序设计@j指南
690    @aTP316.85-62@v5
701  0 @a龚正@Agong zheng@4编著
801  0 @aCN@bMUSE@c20181206@g
905    @aBZT@dTP316.85-62@e2
906    @dCNY119.00@n3@r1
    
    Kubernetes权威指南:从Docker到Kubernetes实践全接触:纪念版/龚正等编著.-北京:电子工业出版社,2017
    14,677页:图;24cm
    
    
    ISBN 978-7-121-32351-5:CNY119.00
    本书从架构师、开发人员和运维人员的角度,阐述了Kubernetes的基本概念、实践指南、核心原理、开发指导、运维指南及源码分析等内容,围绕生产环境中可能出现的问题,给出了大量的典型案例,比如安全配置、网络方案、共享存储方案、高可用性方案及Trouble Shooting技巧等。
●
相关链接 在五车中查询图书 在当当中查询图书 在豆瓣中查询图书


正题名:Kubernetes权威指南     索取号:TP316.85-62/2         预约/预借

序号 登录号 条形码 馆藏地/架位号 状态 备注
1 856106   2000856106   第二书库/ [索取号:TP316.85-62/2] 在馆    
2 856107   2000856107   第二书库/ [索取号:TP316.85-62/2] 在馆    
3 856108   2000856108   第二书库/ [索取号:TP316.85-62/2] 在馆    
山东省滨州职业学院图书馆 欢迎您!
大连网信软件有限公司© 版权所有